Quiz dos Países Islâmicos - Statistics

Estatísticas Gerais
  • Esse quiz foi jogado 663 vezes
    254 desde o último reset
  • A pontuação média é 33 de 48
Estatísticas das Respostas
Hint Resposta % Correto
99,4% Irão
98%
97% Arábia Saudita
95%
99,7% Afeganistão
94%
96,4% Paquistão
94%
90% Egi(p)to
92%
95% Iraque
92%
98,9% Marrocos
91%
67,7% Qatar
91%
99% Argélia
90%
96,5% Turquia
90%
99,5% Iémen
89%
85,9% Omã
89%
87% Síria
88%
98% Tunísia
86%
89% Turquemenistão
86%
96,7% Tajiquistão
85%
92% Jordânia
84%
97% Líbia
83%
97% Sudão
83%
54% Líbano
82%
96,5% Uzbequistão
82%
70,4% Cazaquistão
81%
69,9% Kuwait
79%
76% Emirados Árabes Unidos
78%
80% Quirguistão
78%
87,2% Indonésia
76%
80% Níger
76%
52,1% Chade
74%
99,8% Somália
72%
96,9% Azerbaijão
71%
90% Mali
69%
99,9% Mauritânia
69%
94% Senegal
62%
89,1% Bangladesh
59%
61,4% Malásia
57%
85% Guiné
49%
100% Maldivas
48%
95,7% Gâmbia
44%
67% Brunei
42%
58,8% Albânia
40%
50,7% Bósnia e Herzegovina
39%
61,6% Burkina Faso
38%
78% Serra leoa
35%
94% Djibouti
34%
93% Palestina
34%
98% Comores
33%
95,6% Kosovo
30%
70,3% Barém
11%
Nenhum quiz correspondente encontrado
Distribuição das Pontuações
Porcentagem de Pessoas com Cada Pontuação
Percentil de Números Respondidos
Sua Pontuação Histórica
Você não jogou esse quiz desde o último reset